MARC

LEADER 00000ngm^a2200000^a^4500
001 000305528
005 20251020000000.0
009 20260526135615.733
037 |a Acervo ITESO - Biblioteca 
041 |a ING 
082 |a 810.  |b MAD 
100 |a Madden, John  |e (realización) 
240 1 4 |a [La prueba, de John Madden] 
245 1 3 |a La prueba =  |b Proof /  |c Realización de J. Madden. 
264 2 |a México :  |b Buena Vista [distribución],  |c copyright fecha no identificada 
300 |a 1 DVD regiones 1 y 4 (100 min.) :  |b color +  |e 1 lámina 
336 |a imagen móvil bidimensional  |b tdi  |2 rdacontenido 
337 |a video  |b v  |2 rdamedio 
338 |a videodisco  |b vd  |2 rdasoporte 
500 |a Basado en: Proof, de David Auburn 
546 |a En inglés, con subtítulos opcionales: español, chino, coreano 
546 |a Doblaje opcional: español 
586 |a Premio Pulitzer 2001, categoría Teatro: Adaptación de la obra 
649 |a XX 
650 |a Cineastas Ingleses 
650 |a Matemáticos en el Cine 
650 |a Científicos en el Cine 
650 |a Enfermos Mentales en el Cine 
650 |a Enfermos Mentales -  |x Cuidado e Higiene 
650 |a Padres en el Cine 
650 |a Mujeres en el Cine 
650 |a Dramas Cinematográficos 
650 |a Cine Norteamericano -  |y 2000-2009 
650 |a Cine Norteamericano -  |y Siglo XXI 
650 |a Teatro Norteamericano -  |x Adaptaciones para Cine 
650 |a Literatura Norteamericana -  |y Siglo XXI -  |x Adaptaciones para Cine 
650 |a Literatura y Cine 
650 |a Paternidad 
650 |a Relaciones Padres-Hijos 
650 |a Relaciones Familiares 
650 |a Esquizofrenia 
650 |a Depresión 
650 |a Psicopatología 
650 |a Duelo 
650 |a Matemáticas 
650 |a Universidades en el Cine 
650 |a Universidades -  |z Chicago, EUA 
650 |a Chicago, EUA en el Cine 
700 |a Miller, Rebecca  |e (guión) 
700 |a Auburn, David  |e (guión) 
700 |a Kuchler, Alwin H.  |e (fotógrafo) 
700 |a Taylor, Jill  |e (vestuario) 
700 |a Audsley, Mick  |e (montaje) 
700 |a Warbeck, Stephen  |e (música) 
700 |a Paltrow, Gwyneth  |e (actuación) 
700 |a Hopkins, Anthony  |e (actuación) 
700 |a Gyllenhaal, Jake  |e (actuación) 
910 |a Fondo General 
920 |a Audiovisuales - DVDs 
940 |a Películas 
905 |a 302 
901 |a 0500198778  |b IT2  |c DVS  |i C124681  |u 20250521 
901 |a 0500239184  |b IT2  |c MIN  |u 20251020 
902 |a https://opac.biblio.iteso.mx/vufind/Record/000305528